| 000 | 01003nam a2200265Ia 4500 | ||
|---|---|---|---|
| 003 | OSt | ||
| 005 | 20221005112323.0 | ||
| 006 | a|||||r|||| 00| 0 | ||
| 007 | ta | ||
| 008 | 221004b |||||||| |||| 00| 0 pan d | ||
| 020 |
_a9788178563336 _c127.5 |
||
| 024 | _a117397 | ||
| 037 |
_b606, 17/02/2012, H.K. Prakashan _cTextual |
||
| 040 |
_aCRL _cCRL _bpan |
||
| 041 |
_2pan _apan |
||
| 082 | _aQ2:33xH93:g, 153N6;Q2 | ||
| 100 | _aਬ੍ਰਹਮਜਗਦੀ ਸਿੰਘ | ||
| 245 | 0 |
_aਭਗਤ fਰੋਮਣੀ ਰਵਿਦਾਸ _b ਜੀਵਨ ਤੇ ਬਾਣੀ |
|
| 260 |
_aਅੰਮ੍ਰਿਤਸਰ _bਵਾਰਿਸ ਾਹ ਖ਼ਾਉ੍ਵਡੇਨ ਭਾਰਤ _c2012 |
||
| 300 |
_a112ਪੰ _ccm. |
||
| 650 |
_a OFੳਣਾਂਸ ਜ਼.ੳਨ _9624315 |
||
| 650 |
_aਹਿੰਦੂ ਧਰਮ _9160881 |
||
| 942 |
_hQ2:33xH93:g, 153N6;Q2 _cTEXL _2cc |
||
| 999 |
_c1024540 _d1024540 |
||